[Event "Titled Tuesday intern op 03rd Sep Early"]
[Site "Chess.com INT"]
[Date "2024.09.03"]
[Round "7"]
[White "Valle Luis, Leo"]
[Black "Mihailidis, Anastasios"]
[Result "0-1"]
[WhiteElo "2266"]
[BlackElo "2201"]
[PlyCount "166"]
[EventDate "2024.09.03"]
[EventType "swiss (blitz)"]
[EventRounds "11"]
[EventCountry "USA"]
[SourceTitle "EXT 2025"]
[Source "ChessBase"]
[SourceDate "2024.10.14"]
[SourceVersion "1"]
[SourceVersionDate "2024.10.14"]
[SourceQuality "1"]

1. e4 c5 2. Nf3 g6 3. d4 cxd4 4. Nxd4 Nc6 5. c4 Nf6 6. Nc3 Nxd4 7. Qxd4 d6 8. Be2 Bg7 9. Be3 0-0 10. Qd2 a5 11. 0-0 a4 12. h3 Qa5 13. Rac1 Bd7 14. Rfd1 Bc6 15. f3 Rfc8 16. Rb1 Nd7 17. Rdc1 Nc5 18. b4 axb3 19. axb3 Qb4 20. Kh1 Ra3 21. Bd1 Rca8 22. Bd4 Nxb3 23. Bxb3 Bxd4 24. Qxd4 Rxb3 25. Rxb3 Qxb3 26. e5 dxe5 27. Qxe5 Qxc4 28. Rd1 Qe6 29. Qd4 h5 30. Qd3 Ra3 31. Qd8+ Kh7 32. Ne4 Bxe4 33. fxe4 Qxe4 34. Qc8 Ra2 35. Rg1 Kg7 36. Qc3+ f6 37. Qb3 Re2 38. Qg3 g5 39. Qc7 g4 40. Qg3 Kf7 41. Qh4 Kg6 42. Qg3 Qe3 43. Qb8 Kf7 44. Qxb7 gxh3 45. Qd5+ Qe6 46. Qxh5+ Kf8 47. Qh8+ Kf7 48. Qh5+ Kf8 49. Qh8+ Qg8 50. Qh5 Re5 51. Qxh3 Qg6 52. Qc8+ Kf7 53. Rf1 Rh5+ 54. Kg1 Qg5 55. Qc3 Qc5+ 56. Qxc5 Rxc5 57. Rf4 Rg5 58. Ra4 e5 59. Kf2 Kg6 60. Kf3 Rf5+ 61. Kg3 Rg5+ 62. Kf3 Kf5 63. g4+ Kg6 64. Ra8 Kf7 65. Ra7+ Kf8 66. Ra6 Rg6 67. Rb6 Kf7 68. Rb7+ Kg8 69. Re7 Kf8 70. Ra7 Rg7 71. Ra6 Kf7 72. Ra7+ Kg6 73. Ra6 Rc7 74. Ra3 Kg5 75. Ra6 Rc3+ 76. Kf2 Rc4 77. Kf3 Rxg4 78. Ra8 Rf4+ 79. Ke3 Kf5 80. Rh8 Ra4 81. Rh5+ Ke6 82. Rh8 Ra3+ 83. Ke4 f5# 0-1

[Event "Titled Tuesday intern op 03rd Sep Early"]
[Site "Chess.com INT"]
[Date "2024.09.03"]
[Round "3"]
[White "Zhizmer, Yuri"]
[Black "Mihailidis, Anastasios"]
[Result "0-1"]
[WhiteElo "2298"]
[BlackElo "2201"]
[PlyCount "78"]
[EventDate "2024.09.03"]
[EventType "swiss (blitz)"]
[EventRounds "11"]
[EventCountry "USA"]
[SourceTitle "EXT 2025"]
[Source "ChessBase"]
[SourceDate "2024.10.14"]
[SourceVersion "1"]
[SourceVersionDate "2024.10.14"]
[SourceQuality "1"]

1. Nf3 d5 2. b3 c5 3. Bb2 Nc6 4. e3 Nf6 5. Be2 e6 6. 0-0 Be7 7. c4 0-0 8. cxd5 Nxd5 9. Nc3 Bf6 10. Rc1 Nxc3 11. Bxc3 Bxc3 12. dxc3 Qxd1 13. Rfxd1 b6 14. Nd2 Rd8 15. Bf3 Bb7 16. Nc4 Rxd1+ 17. Rxd1 Rd8 18. Rxd8+ Nxd8 19. Bxb7 Nxb7 20. Kf1 Kf8 21. Ke2 Ke7 22. Ne5 Nd8 23. Kd3 f6 24. Nc4 Nb7 25. f4 Nd6 26. Nxd6 Kxd6 27. Kc4 Kc6 28. a4 a6 29. b4 b5+ 30. axb5+ axb5+ 31. Kd3 f5 32. e4 h5 33. Ke3 Kd6 34. Kf3 g6 35. Ke3 Kc6 36. Kd3 Kd6 37. c4 cxb4 38. Kd4 b3 39. e5+ Kc7 0-1